书目信息 |
| 题名: |
1999上海房地产年签
|
|
| 作者: | 桑荣林 主编 | |
| 分册: | ||
| 出版信息: | 北京 中国城市出版社 1999.07 |
|
| 页数: | 576页 | |
| 开本: | 16开 | |
| 丛书名: | ||
| 单 册: | ||
| 中图分类: | F293.3-54 | |
| 科图分类: | ||
| 主题词: | 城市经济 , 市政经济 | |
| 电子资源: | ||
| ISBN: | 7-5074-1127-3 | |
| 000 | 00599nam0 2200205 45 | |
| 001 | 0010111614 | |
| 005 | 20001011165841.1 | |
| 010 | @a7-5074-1127-3@d295.00元 | |
| 100 | @a20001011d1999 km y0chiy0120 ea | |
| 101 | 0 | @achi |
| 105 | @a z 000yy | |
| 200 | 1 | @a1999上海房地产年签@A1999 Shang Hai Fang Di Chan Nian Qian@f桑荣林主编@FSang Rong Lin Zhu Bian |
| 210 | @a北京@c中国城市出版社@d1999.07 | |
| 215 | @a576页@d16开 | |
| 606 | 0 | @a城市经济 |
| 606 | 0 | @a市政经济 |
| 690 | @aF293.3-54@v3 | |
| 701 | 0 | @a桑荣林@4主编 |
| 801 | @aCN@bPftUser@c20001011 | |
| 905 | @b175480@dF293.3-54@eS459:1999@f1 | |
| 1999上海房地产年签/桑荣林主编.-北京:中国城市出版社,1999.07 |
| 576页;16开 |
| ISBN 7-5074-1127-3:295.00元 |
| ● |
| 相关链接 |
|
|
|
正题名:1999上海房地产年签
索取号:F293.3-54/S459:1999
 
预约/预借
| 序号 | 登录号 | 条形码 | 馆藏地/架位号 | 状态 | 备注 |
| 1 | 175480 | 201754805 | 社科库409/409社科库 48排4列2层/ [索取号:F293.3-54/S459:1999] | 在馆 |